000
00277nam a22001217a 4500
003
OSt
008
250213b |||||||| |||| 00| 0 eng d
041
_a
eng
100
_a
Gupta, KN
_9
7137
245
_a
Pump Servicing and Maintenance
700
_a
Kaishish, JP
_9
7138
942
_c
BK
999
_c
19370
_d
19370